000 00542nmm a2200169Ia 4500
008 251105s9999||||xx |||||||||||||||||und||
020 _a8497424182
041 _aspa
100 _aUrrutia Elejalde, Juan
245 0 _aLa mirada del economista :
_b Biografía intelectual de un filósofo mundano de los 90
264 _a[Madrid, España] :
_bBiblioteca Nueva,
_c2005
300 _a292 páginas
490 _aEnsayo Pensamiento
650 _aEconomics and Business
856 _uhttps://public.digitaliapublishing.com/a/5217
942 _cCF
999 _c74180
_d74180